Kiss the girls

Saved in:
Bibliographic Details
Main Author: Patterson, James B. (Author)
Format: Book
Language:English
Published: Nueva York Warner Books 1995
Series:Fiction Bestseller, 1
Subjects:
Tags: Add Tag
No Tags, Be the first to tag this record!

MARC

LEADER 00000nam a2200000 a 4500
001 UCI3071
003 CL-VaPUC
008 071012e19950000US |||||||||||||||||eng|d
020 |a 0446601241 
082 0 4 |a 813  |b PAT  |2 21 
100 |a Patterson, James B.  |e author  |9 524442 
245 1 0 |a Kiss the girls 
300 |a 458 p 
942 |c BK 
945 |d 20071012 00:00:00  |a rbrito 
260 |a Nueva York  |b Warner Books  |c 1995 
650 0 |a Novelas estadounidenses  |9 265217 
583 |a last modification  |c 20071012 00:00:00  |k Rodrigo Vera 
490 0 |a Fiction Bestseller, 1 
999 |c 327466  |d 327464 
952 |0 0  |1 0  |4 0  |6 813_000000000000000_PAT_1995  |7 0  |8 A  |9 410315  |a BIBEDU  |b BIBEDU  |d 2019-11-22  |i 4376390  |o 813 PAT 1995  |p 4376390  |r 2019-11-22  |w 2019-11-22  |y BK  |k LIT